000 00534nam a2200181Ia 4500
003 OSt
005 20240424141509.0
008 210210b1957 xxu||||| |||| 00| 0 eng d
040 _cAL
041 _akan
082 _a859/216
100 _aASTROVSKI NIKOLAYI
_9155100
_dನಿಕೊಲಾಯ್ ಒಸ್ಟ್ರೋವ್ಸ್ಕಿ
245 _aAgni dikshe:
_bಅಗ್ನಿ ದೀಕ್ಷೆ
260 _aBengaluru
_bJanashakti Prakashana
_c1957
690 _aKannada Fiction
_9155101
906 _a020991
942 _2ddc
_cBK
999 _c145153
_d145153